00512nam a2200181Ia 4500003000400000005001700004008004100021020003000062040001700092082001900109100001300128245006300141250001200204260002800216300001200244650002900256650004500285IIN20240125150344.0231217s9999 xx 000 0 und d cRs.1500.00a9789382219163 aIINbEnglish a614.44 bPAR1 aPark,K. 1 aPark's Textbook of Preventive and Social MedicinecK. Park a26th ed bBhanotaJabalpur c2021 a1032 p.1 aCommunity Health Nursing1 aMedicine, PreventivevStudy and teaching